| 000 | 004330000a22001690004500 | ||
|---|---|---|---|
| 041 | 0 | _aSPA | |
| 082 | 0 | 4 | _aG 261.7 M7539r |
| 100 | 1 | _aMonroy, Juan Antonio | |
| 245 | 1 | 0 | _aLibertad religiosa y ecumenismo / Juan A. Monroy |
| 260 | _aMadrid, España : Irmayol | ||
| 300 | _a140 Pag | ||
| 001 | 6837 | ||
| 942 | _cBK | ||
| 999 |
_c37092 _d37092 |
||
| 336 |
_atexto _btxt _2rdacontent |
||
| 337 |
_2rdamedia _asin mediación _bn |
||
| 338 |
_2rdacarrier _avolumen _bnc |
||